Dukelské múzeum

Zobrazenie: Štyri čiastkové pohľady, každý v bielom orámovaní, tri a jeden v červenom orámoaní, všetky na oranžovom podklade. Vpravo dole je vodorovne čiernym písmom na oranžovom podklade v červeno-bielom orámovaní názov. Pohľad na interiér múzea s expozíciami. Pohľad na kruhovú budovu so schodiskom...

Full description

Bibliographic Details
Other Authors: Čeněk, J. (fotograf) (Photographer), Jiroušek, Alexander, 1934-2021 (Photographer), Paul, P. (fotograf) (Photographer)
Format: Photo
Language:Slovak
PhysicalDescription:1 pohľadnica (4 čiastkové pohľady) farebná 11 x 15 cm
Published: Bratislava ČSTK-Pressfoto 1978
Subjects:

MARC

LEADER 00000nkm a2200000 a 4500
001 vtls012063864
003 SK-MaSNL
005 20260331211942.0
007 kf co
008 210729s1978 xo g kuslo
015 |a SNBG1978 
040 |a SNK  |b slo  |c SNK  |e AACR2 
041 0 |a slo 
043 |a e-xo--- 
044 |a xo  |c SK 
072 7 |a 913  |x Regionálna geografia  |2 konspekt 
080 |a 913(437.6)  |2 2011 
080 |a 069  |2 2011 
080 |a 725.945  |2 2011 
080 |a 72.012.8  |2 2011 
080 |a 730  |2 2011 
080 |a 75.051  |2 2011 
080 |a 904:72  |2 2011 
080 |a 904(084.121)  |2 2011 
100 1 |a Čeněk, J.  |c (fotograf)  |4 pht  |9 302958 
245 1 0 |a Dukelské múzeum  |h grafika  |c foto: J. Čeněk, A. Jiroušek, P. Paul 
246 1 |i Názov na adresnej časti:  |a Dukelsné múzeum vo Svidníku 
246 1 |i Názov na adresnej časti:  |a Časť diorámy 
246 1 |i Názov na adresnej časti:  |a Pamätník Červenej armády 
260 |a Bratislava  |b ČSTK-Pressfoto  |c 1978  |e Skalica  |f Grafobal 
300 |a 1 pohľadnica (4 čiastkové pohľady)  |b farebná  |c 11 x 15 cm 
520 8 |a Zobrazenie: Štyri čiastkové pohľady, každý v bielom orámovaní, tri a jeden v červenom orámoaní, všetky na oranžovom podklade. Vpravo dole je vodorovne čiernym písmom na oranžovom podklade v červeno-bielom orámovaní názov. Pohľad na interiér múzea s expozíciami. Pohľad na kruhovú budovu so schodiskom - múzeum, v popredí je trávnatá plocha. Pohľad na obraz s vojenskou tématikou. Pohľad na pamätník, vľavo pred ním je socha na vysokom podstavci a pod ním schodisko s vencami 
610 2 7 |a Duklianske múzeum (Svidník, Slovensko)  |2 SNKKA  |9 427746 
650 0 7 |a interiéry  |2 SNKPH  |9 2953 
650 0 7 |a sochy  |2 SNKPH  |9 29846 
650 0 7 |a obrazy  |2 SNKPH  |9 29735 
650 0 7 |a expozície  |2 SNKPH  |9 29734 
650 0 7 |a pamätníky  |2 SNKPH  |9 25601 
650 0 7 |a múzeá  |2 SNKPH  |9 4119 
650 0 7 |a národné kultúrne pamiatky  |2 SNKPH  |9 31192 
651 7 |a Dukliansky priesmyk (Poľsko a Slovensko)  |2 SNKPHgeo  |9 171975 
651 7 |a Svidník (Slovensko)  |2 SNKPHgeo  |9 28309 
655 7 |a miestne pohľadnice  |2 SNKPH  |9 70510 
655 7 |a pohľadnice kultúrnych pamiatok  |2 SNKPH  |9 70523 
700 1 |a Jiroušek, Alexander,  |d 1934-2021  |4 pht  |9 223957 
700 1 |a Paul, P.  |c (fotograf)  |4 pht  |9 60489 
958 |a GC 
958 |a GBN 
958 |a OND 
999 |c 784388  |d 786318 
952 |a SNK  |b SNK  |y PREZ  |7 0  |p 17A1410333  |o snkSP 102673  |0 0  |1 0  |4 0  |d 2021-07-29  |f 1  |l 0  |r 2026-02-24 01:15:45  |w 2026-02-24 
952 |a SNK  |b SNK  |y PREZ  |7 0  |p 17A1410332  |o snkSP 102673 D1  |0 0  |1 0  |4 0  |d 2021-07-29  |l 0  |r 2026-02-24 01:15:45  |w 2026-02-24